000 00788nam a2200193 a 4500
003 0
005 20250319082450.0
008 080923s19uu xx 00 eng d
050 _aPHS HD 7255
_b.K49 2008
100 _aKim, Kyung Ah.
245 _aAssociation of gender, age group, educational status to perceptions on employment of physically handicapped people /
_cKyung Ah Kim.
260 _aLas PiƱas City, Philippines :
_bSouthville International School and Colleges,
_c2008.
300 _a48 pages :
_billustrations ;
_c28 cm.
504 _aIncludes bibliographical references.
650 _aPeople with disabilities
_xEmployment.
650 _aDiscrimination in employment
_xPeople with disabilities.
650 _aPeople with disabilities
_xSocial conditions.
942 _2lcc
_cPASS
999 _c98082
_d98082